000 00343cam a22001217a 4500
008 180718b1961 xxu||||| |||| 00| 0 eng d
082 _aA99 V283
100 _aVanderbilt, Cornelius
245 _aMan of the world: my life on five continents
_cby Cornelius Vanderbilt
260 _aLondon
_bHutchinson
_c1961
300 _a342p.
650 _aWorld
999 _c439746
_d439746